000
00254nam a2200109Ia 4500
008
190216s9999||||xx |||||||||||||| ||und||
100
_a
Jain M K
245
0
_a
Organic Chemistry
260
_b
Himalaya Publishing House
_c
1981
300
_a
1199p
942
_c
BK
999
_c
2597
_d
2597